书目信息 |
| 题名: |
中国文化的展望
|
|
| 作者: | 殷海光 著 | |
| 分册: | ||
| 出版信息: | 北京 商务印书馆 2011.11 |
|
| 页数: | 10,719页 | |
| 开本: | 21cm | |
| 丛书名: | 中华现代学术名著丛书 | |
| 单 册: | ||
| 中图分类: | G122 | |
| 科图分类: | ||
| 主题词: | 中华文化--研究 , 中华文化 | |
| 电子资源: | ||
| ISBN: | 978-7-100-08477-2 | |
| 000 | 00970oam2 2200301 450 | |
| 001 | 010050026685 | |
| 005 | 20120612090416.53 | |
| 010 | @a978-7-100-08477-2@dCNY53.00 | |
| 010 | @a978-7-100-08508-3@dCNY1339.00(全套) | |
| 100 | @a20120105d2011 em y0chiy50 ea | |
| 101 | 0 | @achi |
| 102 | @aCN@b110000 | |
| 105 | @ac z 000yy | |
| 106 | @ar | |
| 200 | 1 | @a中国文化的展望@9zhong guo wen hua de zhan wang@f殷海光著 |
| 210 | @a北京@c商务印书馆@d2011.11 | |
| 215 | @a10,719页@c肖像@d21cm | |
| 225 | 2 | @a中华现代学术名著丛书 |
| 300 | @a国家出版基金项目 | |
| 308 | @a丛书第二辑 | |
| 330 | @a本书主要内容包括:天朝型模的世界观、什么是文化、文化的重要概念、近代中国文化的基线、中国社会文化的激变、一个长久的论争等。 | |
| 461 | 0 | @12001 @a中华现代学术名著丛书 |
| 606 | 0 | @a中华文化@x研究 |
| 606 | 0 | @a中华文化 |
| 690 | @aG122@v4 | |
| 701 | 0 | @a殷海光@9yin hai guang@f(1919-1969)@4著 |
| 801 | 0 | @aCN@bRENTIAN@c20120105 |
| 905 | @b539781-85@dG122@e115@f5 | |
| 中国文化的展望/殷海光著.-北京:商务印书馆,2011.11 |
| 10,719页:肖像;21cm.-(中华现代学术名著丛书) |
| 国家出版基金项目 |
| ISBN 978-7-100-08477-2:CNY53.00 |
| 本书主要内容包括:天朝型模的世界观、什么是文化、文化的重要概念、近代中国文化的基线、中国社会文化的激变、一个长久的论争等。 |
| ● |
| 相关链接 |
|
|
|
|
正题名:中国文化的展望
索取号:G122/115
 
预约/预借
| 序号 | 登录号 | 条形码 | 馆藏地/架位号 | 状态 | 备注 |
| 1 | 539781 | 205397818 | 第一样本阅览室/ [索取号:G122/115] | 在馆 | |
| 2 | 539782 | 205397827 | 第四借阅区/ [索取号:G122/115] | 在馆 | |
| 3 | 539783 | 205397836 | 第四借阅区/ [索取号:G122/115] | 在馆 | |
| 4 | 539784 | 205397845 | 第四借阅区/ [索取号:G122/115] | 在馆 | |
| 5 | 539785 | 205397854 | 第四借阅区/ [索取号:G122/115] | 在馆 |